000 00311nam a22001337a 4500
008 180119b xxu||||| |||| 00| 0 eng d
020 _a9780558903947
041 _aeng
080 _a94
100 _a16
101 _aHIS
245 _aMeridians sources in world history
_cKishlansky,M
942 _2udc
_cBK
999 _c40601
_d40601